Հայ-հունգարական գրական առնչությունները և "Արմենիա" ամսագիրը : (Record no. 112877)
[ view plain ]
| 000 -LEADER | |
|---|---|
| fixed length control field | 01285nam a2200241 a 4500 |
| 001 - CONTROL NUMBER | |
| control field | 000306174 |
| 003 - CONTROL NUMBER IDENTIFIER | |
| control field | AM-YeHGA |
| 005 - DATE AND TIME OF LATEST TRANSACTION | |
| control field | 20260119093625.0 |
| 008 - FIXED-LENGTH DATA ELEMENTS--GENERAL INFORMATION | |
| fixed length control field | 040206s1979 ai 000 | arm d |
| 040 ## - CATALOGING SOURCE | |
| Original cataloging agency | AM-YeHGA |
| 041 0# - LANGUAGE CODE | |
| Language code of text/sound track or separate title | arm |
| 100 1# - MAIN ENTRY--PERSONAL NAME | |
| Personal name | Գևորգյան-Բագի, Է. |
| 245 10 - TITLE STATEMENT | |
| Title | Հայ-հունգարական գրական առնչությունները և "Արմենիա" ամսագիրը : |
| Remainder of title | [1887-1907 թթ] / |
| Statement of responsibility, etc. | Է. Գևորգյան-Բագի; Առաջաբ. և խմբ.՝ Պ.Հ. Հակոբյան; ՀՍՍՀ ԳԱԱ Մ. Աբեղյանի անվ. Գրակ. ին-տ. |
| 246 11 - VARYING FORM OF TITLE | |
| Title proper/short title | Армяно-венгерские литературные связи и журнал ''Армения'' |
| 260 ## - PUBLICATION, DISTRIBUTION, ETC. | |
| Place of publication, distribution, etc. | Երևան : |
| Name of publisher, distributor, etc. | ՀՍՍՀ ԳԱ հրատ., |
| Date of publication, distribution, etc. | 1979. |
| 300 ## - PHYSICAL DESCRIPTION | |
| Extent | 186 էջ ; |
| Dimensions | 20 սմ. |
| 650 14 - SUBJECT ADDED ENTRY--TOPICAL TERM | |
| Topical term or geographic name entry element | Հայ գրականության պատմություն |
| 9 (RLIN) | 4711 |
| 650 14 - SUBJECT ADDED ENTRY--TOPICAL TERM | |
| Topical term or geographic name entry element | Հայ գրականագիտություն |
| 9 (RLIN) | 4862 |
| 700 1# - ADDED ENTRY--PERSONAL NAME | |
| Personal name | Հակոբյան, Պիոն Հովսեփի, |
| Dates associated with a name | 1926-2000 |
| Relator term | խմբ. |
| Relationship | edt |
| Relator term | առաջաբ. |
| Relationship | aui |
| 9 (RLIN) | 1206 |
| 710 2# - ADDED ENTRY--CORPORATE NAME | |
| Corporate name or jurisdiction name as entry element | Մ. Աբեղյանի անվան գրականության ինստիտուտ ՀՍՍՀ ԳԱ |
| 856 41 - ELECTRONIC LOCATION AND ACCESS | |
| Uniform Resource Identifier | <a href="https://arar.sci.am/dlibra/publication/426952/edition/395203/content">https://arar.sci.am/dlibra/publication/426952/edition/395203/content</a> |
| Link text | Կարդալ առցանց |
| 942 ## - ADDED ENTRY ELEMENTS (KOHA) | |
| Source of classification or shelving scheme | Universal Decimal Classification |
| Koha item type | Գրքեր / Books |
| Withdrawn status | Lost status | Source of classification or shelving scheme | Damaged status | Not for loan | Collection | Home library | Current library | Date acquired | Total checkouts | Full call number | Barcode | Date last seen | Price effective from | Koha item type | Public note |
|---|---|---|---|---|---|---|---|---|---|---|---|---|---|---|---|
| Universal Decimal Classification | General | Fundamental Scientific Library | Fundamental Scientific Library | 22/12/2016 | AII/61757 | 220061757 | 22/12/2016 | 22/12/2016 | Գրքեր / Books | 30 Days Loan | |||||
| Universal Decimal Classification | General | Fundamental Scientific Library | Fundamental Scientific Library | 22/12/2016 | AII/62241 | 220062241 | 22/12/2016 | 22/12/2016 | Գրքեր / Books | 30 Days Loan | |||||
| Universal Decimal Classification | General | Fundamental Scientific Library | Fundamental Scientific Library | 22/12/2016 | AII/62242 | 220062242 | 22/12/2016 | 22/12/2016 | Գրքեր / Books | 30 Days Loan | |||||
| Universal Decimal Classification | Vache Nalbandyan Individual Collection | Fundamental Scientific Library | Fundamental Scientific Library | 22/12/2016 | Nalb/277 | FL0276226 | 22/12/2016 | 22/12/2016 | Գրքեր / Books | ILL Non-Circ. |
ՀՀ Գիտությունների ազգային ակադեմիայի հիմնարար գիտական գրադարան = Fundamental Scientific Library of NAS RA
All site content, except where otherwise noted, is licensed under a